[Event "Acropolis Open"]
[Site "Athens GRE"]
[Date "2007.08.20"]
[Round "7"]
[White "Makropoulou,M"]
[Black "Lauridsen,Jesper"]
[Result "0-1"]
[WhiteElo "2266"]
[BlackElo "2223"]

1.e4 c5 2.Nf3 Nc6 3.Bb5 g6 4.c3 Bg7 5.d4 cxd4 6.cxd4 Nf6 7.Nc3 a6 8.Ba4 b5
9.Bc2 b4 10.Na4 d5 11.e5 Ne4 12.O-O O-O 13.Re1 f6 14.Rxe4 dxe4 15.Bxe4 Bd7
16.Nc5 Rc8 17.Be3 fxe5 18.dxe5 Bg4 19.Qb3+ Kh8 20.Ne6 Na5 21.Qd5 Qxd5 22.Bxd5 Bxe6
23.Bxe6 Rc2 24.Nd4 Rc7 25.f4 g5 26.g3 Nc6 27.Nb3 gxf4 28.gxf4 Nd8 29.Bd5 Bh6
30.Rf1 e6 31.Be4 Rcf7 32.Bc5 Rg8+ 33.Kh1 Bxf4 34.Bxb4 Bxe5 35.Rxf7 Nxf7 36.Nc5 Bxb2
37.h3 Nd6 38.Bg2 Nf5 39.Nxa6 Ne3 40.Be4 Nf1 41.Bg2 Ne3 42.Be4 Rg3 43.Nc5 Rxh3+
44.Kg1 Rh4 45.Kf2 Bd4 46.Kg3 Rg4+ 47.Kf3 e5 48.Nd3 Rg2 49.a4 Ra2 50.Bc6 Nc2
51.Bd6 Bc3 52.Ke4 Kg7 53.Nxe5 Nd4 54.Bd7 h5 55.Kd3 Ba1 56.Nc4 Nf3 57.Ke3 Ng5
58.Nd2 Bb2 59.Nc4 Bc1+ 60.Kd3 h4 61.Be5+ Kf7 62.Nd6+ Ke7 63.Bb5 Rd2+ 64.Kc3 Rxd6
65.Bxd6+ Kxd6 66.Bf1 Ke5 67.a5 Kf4 68.Kd3 Kf3 69.Be2+ Kf4 70.Bf1 Be3 71.a6 Ba7
72.Bg2 Kg3 73.Bb7 h3 74.Ke2 Ne6 75.Kf1 Nc5 76.Bc6 Nxa6 77.Bd7 h2 78.Bc6 Nb4
79.Bh1 Nd3 80.Bb7 Ne5 81.Bh1 Bb6 82.Ke2 Bg1 83.Kf1 Bc5 84.Ke2 Ng4 85.Kf1 Bf2
86.Ke2 Ne3 87.Kd2 Ng4 88.Ke2 Bc5 89.Kf1 Nf2 90.Bb7 Nh3 91.Bh1 Ng1 92.Ke1 Nf3+
93.Kf1 Ne5 94.Ke2 Ng4 95.Kf1 Nf2 96.Bb7 h1=Q+ 97.Bxh1 Nxh1 98.Ke2 Nf2 99.Kd2 Kf3
100.Kc3 Ke4 101.Kc4 Nd3 102.Kc3 Ne5 103.Kd2 Bd4 104.Ke2 Be3 105.Kf1 Kf3 106.Ke1 Nc4
107.Kd1 Ke4 108.Ke2 Nd2 109.Ke1 Kd3 110.Kd1 Bf2 111.Kc1 Nc4 112.Kd1 Nb2+
113.Kc1 Kc3 114.Kb1 Kb3 115.Kc1 Be3+ 116.Kb1 Na4 117.Ka1 Bc1 118.Kb1 Ba3  0-1

[Event "Dato Arthur Tan Malaysian Op"]
[Site "Kuala Lumpur MAS"]
[Date "2007.08.20"]
[Round "1"]
[White "Chandler,M"]
[Black "Ismail,Ah"]
[Result "1-0"]
[WhiteElo "2540"]
[BlackElo "2149"]

1.e4 c5 2.Nf3 Nc6 3.Bb5 e6 4.O-O Nge7 5.Nc3 a6 6.Bxc6 Nxc6 7.d4 cxd4 8.Nxd4 Be7
9.Nxc6 dxc6 10.Qg4 Bf6 11.Rd1 Qc7 12.f4 Bxc3 13.bxc3 O-O 14.Be3 f5 15.Qg3 fxe4
16.Bc5 Rxf4 17.Qxf4  1-0

[Event "Dato Arthur Tan Malaysian Op"]
[Site "Kuala Lumpur MAS"]
[Date "2007.08.20"]
[Round "2"]
[White "Mok Tze Meng"]
[Black "Illingworth,M"]
[Result "1-0"]
[WhiteElo "2346"]
[BlackElo "2137"]

1.e4 c5 2.Nf3 Nc6 3.Bb5 g6 4.Bxc6 bxc6 5.O-O Bg7 6.Re1 Nh6 7.h3 f6 8.c3 Nf7
9.d4 cxd4 10.cxd4 O-O 11.Nc3 d6 12.d5 c5 13.Qe2 Qb6 14.Bf4 Ba6 15.Qd2 Rab8
16.Rab1 Bc8 17.Kh2 Qc7 18.b3 e5 19.dxe6 Bxe6 20.Rbd1 Qc6 21.Nd5 Rfe8 22.Bg3 Qd7
23.Qa5 Rbc8 24.Nf4 Qb7 25.Nxe6 Rxe6 26.Nd2 Rce8 27.f3 f5 28.exf5 Rxe1 29.Rxe1 Rxe1
30.Bxe1 gxf5 31.Bg3 Qe7 32.Qa6 Qd7 33.Qc4 Kf8 34.Qd5 Bf6 35.Nc4 Ke7 36.Ne3 Be5
37.f4 Bf6 38.Nxf5+ Kf8 39.Bf2 Qc7 40.g4 Qb6 41.Nxd6  1-0

[Event "Independence Cup A"]
[Site "Kyiv UKR"]
[Date "2007.08.20"]
[Round "8"]
[White "Marusenko,P"]
[Black "Goncharov,O"]
[Result "1-0"]
[WhiteElo "2321"]
[BlackElo "2246"]

1.e4 c5 2.Nf3 Nc6 3.Bb5 g6 4.Bxc6 dxc6 5.d3 Bg7 6.h3 Nf6 7.Nc3 Nd7 8.Be3 e5
9.Qd2 h6 10.O-O Qc7 11.Nh2 Nf8 12.f4 exf4 13.Rxf4 Be6 14.Rff1 O-O-O 15.a3 Qd6
16.Nf3 g5 17.e5 Bxe5 18.Ne4 Qc7 19.Nxe5 Qxe5 20.Bxc5 f5 21.Bxf8 Rhxf8 22.Qc3 Qxc3
23.Nxc3 Rfe8 24.Rae1 Bd7 25.h4 Kc7 26.Kf2 Rxe1 27.Rxe1 Re8 28.Rh1 Re7 29.hxg5 hxg5
30.Rh6 Re6 31.Rh7 Rg6 32.Na4 b6 33.Nc3 Kd6 34.b4 a5 35.bxa5 bxa5 36.d4 Rg8
37.Na4 f4 38.Nc5 Bc8 39.c4 Re8 40.Rh6+ Kc7 41.Nd3 Re3 42.Ne5 g4 43.Rxc6+ Kb7
44.Rf6 g3+ 45.Kf1 Rxa3 46.Rxf4 Ra1+ 47.Ke2 a4 48.Rf7+ Kb6 49.Rf6+ Kb7 50.Rf7+ Kb6
51.c5+ Kb5 52.Rf8 Ba6 53.Rb8+ Ka5+ 54.Kd2 Bb5 55.c6 a3 56.c7 a2 57.Ra8+ Ba6
58.Rxa6+  1-0

[Event "Independence Cup A"]
[Site "Kyiv UKR"]
[Date "2007.08.20"]
[Round "8"]
[White "Semenova,L"]
[Black "Katsman,M"]
[Result "0-1"]
[WhiteElo "2236"]
[BlackElo "2278"]

1.e4 c5 2.Nf3 Nc6 3.Bb5 Nd4 4.Nxd4 cxd4 5.O-O g6 6.c3 Bg7 7.cxd4 Bxd4 8.Nc3 e6
9.Ne2 Bg7 10.d4 a6 11.Bd3 d6 12.Bf4 Ne7 13.Qd2 O-O 14.Rac1 e5 15.Bh6 Bxh6
16.Qxh6 exd4 17.Nxd4 Qb6 18.Nf3 f6 19.Bc4+ d5 20.exd5 Qd6 21.Rfe1 Nf5 22.Qd2 Bd7
23.h3 Rac8 24.Bb3 Rxc1 25.Rxc1 Re8 26.Re1 Rxe1+ 27.Nxe1 Kg7 28.Nc2 Qc5 29.Qc3 Qxc3
30.bxc3 Kf8 31.Kf1 Ke7 32.g4 Nh4 33.Ne3 Nf3 34.Bd1 Nd2+ 35.Ke1 Ne4 36.c4 Kd6
37.Bc2 Ng5 38.h4 Nf3+ 39.Ke2 Nxh4 40.f4 h6 41.Kd3 Kc5 42.Ke4 f5+ 43.Ke5 fxg4
44.Nf1 Nf5 45.Bxf5 Bxf5 46.Ng3 Bd7 47.Kf6 h5 48.Ke7 Ba4 49.f5 gxf5 50.Nxf5 Kxc4
51.d6 Kd5 52.Ng7 h4 53.Nf5 h3 54.Ne3+ Kd4 55.Nxg4 Kc3 56.Kd8 b5 57.Kc7 b4
58.Kb6 Bd7 59.Nf2 Kb2 60.Ka5 Ka3 61.Nh1 h2 62.Nf2 Kxa2 63.Kxb4 Kb2 64.Ka5 Kc2
65.Kxa6 Kd2 66.Kb6 Ke2 67.Ne4 Kf3  0-1

[Event "Petrovskaya Ladya IM2"]
[Site "Peterhof RUS"]
[Date "2007.08.20"]
[Round "11"]
[White "Rozum,I"]
[Black "Petrenko,S"]
[Result "1-0"]
[WhiteElo "2354"]
[BlackElo "2301"]

1.e4 c5 2.Nf3 Nc6 3.Bb5 Qb6 4.Nc3 e6 5.O-O a6 6.Bxc6 Qxc6 7.d4 cxd4 8.Nxd4 Qc7
9.Re1 d6 10.Bg5 Be7 11.Bxe7 Nxe7 12.a4 O-O 13.Qd3 b6 14.Rad1 Bb7 15.Qg3 Rad8
16.Rd2 Qc8 17.Red1 e5 18.Nde2 Qc5 19.Qe3 Qc6 20.f3 f5 21.Kh1 f4 22.Qf2 Rf6
23.Nc1 Rdf8 24.N1a2 Rh6 25.Nb4 Qc5 26.Nbd5 Nc8 27.Qe2 a5 28.Nb5 Ba6 29.c3 Rf7
30.Qd3 g5 31.b4 Qc6 32.Nd4 exd4 33.b5 Qe8 34.bxa6 dxc3 35.Nxc3 Na7 36.Rb2 Qb8
37.Rdb1 Nc8 38.Nd5 Qa7 39.Nxb6 Ne7 40.Nd5 Nc6 41.Qb5 Qc5 42.Qxc5 dxc5 43.Rb6 Rg6
44.Rc1 Nb4 45.Rxg6+ hxg6 46.Rxc5 Nxa6 47.Rxa5 Rb7 48.h3 Nb8 49.Nf6+ Kg7 50.Ng4 Nc6
51.Rb5 Rd7 52.Rxg5 Rd1+ 53.Kh2 Ra1 54.Ne5 Kf6 55.Rxg6+ Kxe5 56.Rxc6 Rxa4
57.h4 Kd4 58.Rf6 Ke3 59.h5 Ra5 60.Rf5 Ra6 61.Kh3 Rh6 62.Kh4 Rh8 63.Rf6 Ra8
64.h6 Rg8 65.h7  1-0

[Event "VIII Open"]
[Site "Tarragona ESP"]
[Date "2007.08.20"]
[Round "3"]
[White "Pascual Genoves,M"]
[Black "Del Rio Angelis,S"]
[Result "1/2-1/2"]
[WhiteElo "2204"]
[BlackElo "2506"]

1.e4 c5 2.Nf3 Nc6 3.Bb5 g6 4.Bxc6 bxc6 5.O-O Bg7 6.Nc3 e5 7.d3 d6 8.a3 Ne7
9.b4 cxb4 10.axb4 O-O 11.Be3 f5 12.Bxa7 fxe4 13.dxe4 Bg4 14.b5 Qd7 15.b6 g5
16.Ra3 Nc8 17.Nb1 Bxf3 18.Rxf3 Nxa7 19.Rxf8+ Bxf8 20.bxa7 Rxa7 21.Qd3 Qf7
22.Rd1 Ra4 23.Qe3 h6 24.Nd2 Qa2 25.Qc3 Rd4 26.Re1 Qa4 27.f3 Qb4 28.Qxb4 Rxb4
29.Rb1 Rd4 30.Nb3 Rc4 31.Rb2 d5 32.exd5 cxd5 33.Kf1 g4 34.Nd2 Rb4 35.Rxb4 Bxb4
36.Nb3 gxf3 37.gxf3 Kf7 38.Nc1 Ke6 39.Nd3 Bd6 40.h3 Kf5 41.Ke2 h5 42.Kf2 Bb8
43.Nb4 Ba7+ 44.Kg2 Ke6 45.Kf1 Bc5 46.Nd3 Be7 47.Kf2 Kf5 48.Ke3 Bh4 49.Nb4 Ke6
50.Nd3 Bg3 51.Nb4 Kd6 52.Nd3 Kc6 53.Nb2 Kc5 54.Kd3 Bf2 55.Nd1 Bd4 56.c3 Bg1
57.Nb2 Kd6 58.Ke2 Bb6 59.Kd3 Ke7 60.c4 Bd4 61.Nd1 dxc4+ 62.Kxc4 Ke6 63.f4 Ba7
64.Kd3 Kf5 65.fxe5 Kxe5 66.Ne3 Kf4 67.Nd5+ Kg3 68.h4 Kxh4 69.Nf6 Kg5 70.Nxh5  1/2-1/2

[Event "ch-Euro IBCA"]
[Site "Durham ENG"]
[Date "2007.08.21"]
[Round "7"]
[White "Suder,R"]
[Black "Pirosca,A"]
[Result "1/2-1/2"]
[WhiteElo "2209"]
[BlackElo "2086"]

1.e4 c5 2.Nf3 Nc6 3.Bb5 g6 4.Bxc6 dxc6 5.h3 Bg7 6.d3 e5 7.Nc3 Qe7 8.Be3 Nf6
9.Qd2 O-O 10.Bh6 b6 11.O-O Nd7 12.Nh2 f6 13.Bxg7 Qxg7 14.f4 exf4 15.Rxf4 Ne5
16.Rf2 Be6 17.Nf3 Nxf3+ 18.Rxf3 Qe7 19.Raf1 Kg7 20.Qf2 Rf7 21.b3 Raf8 22.Qh4 Qd6
23.Ne2 Qe5 24.Nf4 f5 25.Qg5 Bd7 26.Nh5+ Kh8 27.Ng3 Kg7 28.exf5 Bxf5 29.Nh5+ Kh8
30.Ng3 Kg7 31.Nxf5+ Rxf5 32.Rxf5 Rxf5 33.Rxf5 Qxf5 34.Qe7+ Qf7 35.Qe5+ Kh6
36.a4 Qd5 37.Qf4+ Qg5 38.Qf8+ Kh5 39.Qf3+ Kh6 40.Qf8+ Kh5 41.Qf3+ Kh6 42.Kh2 Qe5+
43.g3 Qd6 44.Qf7 g5 45.Qf5 Qe7 46.Qf3 Qd6 47.Qe4 Kg7 48.h4 gxh4 49.Qxh4 Qe6
50.Qg5+ Kf7 51.Qf4+ Kg6  1/2-1/2

[Event "Independence Cup A"]
[Site "Kyiv UKR"]
[Date "2007.08.21"]
[Round "9"]
[White "Semenova,L"]
[Black "Kislinsky,A"]
[Result "0-1"]
[WhiteElo "2236"]
[BlackElo "2472"]

1.e4 c5 2.Nf3 Nc6 3.Bb5 d6 4.O-O Bd7 5.Re1 Nf6 6.c3 a6 7.Bf1 Bg4 8.h3 Bh5
9.d3 e6 10.Nbd2 Be7 11.a3 Nd7 12.Be2 O-O 13.Nh2 Bg6 14.f4 Rc8 15.Rf1 f5 16.Bf3 Kh8
17.Qe2 b5 18.Kh1 Nb6 19.g3 Qd7 20.h4 h6 21.h5 Bh7 22.Rg1 fxe4 23.dxe4 d5
24.Ng4 c4 25.Nf1 Bc5 26.Be3 Bxe3 27.Qxe3 dxe4 28.Bxe4 Nd5 29.Qe2 Bxe4+ 30.Qxe4 Rf5
31.Ngh2 Nf6 32.Qg2 Nxh5 33.Ne3 Rff8 34.Rad1 Qf7 35.Rd6 Ne7 36.Nf3 Ng6 37.Ng4 Qb7
38.Nge5 Nxg3+ 39.Kh2 Nxe5 40.Nxe5 Qxg2+ 41.Rxg2 Nf5 42.Ng6+ Kg8 43.Rxa6 Rf6
44.Rb6 Kh7 45.Ne5 Ne3 46.Ng4 Nxg4+ 47.Rxg4 Rc5 48.Kg3 Rd5 49.Kf3 h5 50.Rh4 g5
51.Rxh5+ Kg6 52.Rh2 Rxf4+ 53.Ke2 Re4+ 54.Kf3 Kf5 55.Re2 g4+ 56.Kf2 g3+ 57.Ke1 g2  0-1

[Event "Independence Cup A"]
[Site "Kyiv UKR"]
[Date "2007.08.22"]
[Round "10"]
[White "Marusenko,P"]
[Black "Nyzhnyk,I"]
[Result "1/2-1/2"]
[WhiteElo "2321"]
[BlackElo "2341"]

1.e4 c5 2.Nf3 Nc6 3.Bb5 d6 4.O-O Bd7 5.Re1 a6 6.Bf1 Bg4 7.c3 g6 8.d4 cxd4
9.cxd4 Bg7 10.Be3 Bxf3 11.gxf3 Nf6 12.Nc3 O-O 13.Qd2 Nh5 14.Rad1 Qd7 15.Nd5  1/2-1/2

[Event "1st Serbian League Women"]
[Site "Zlatibor SRB"]
[Date "2007.08.22"]
[Round "2"]
[White "Maric,M"]
[Black "Djukic,Sa"]
[Result "0-1"]
[WhiteElo "2291"]
[BlackElo "2153"]

1.e4 c5 2.Nf3 Nc6 3.Bb5 e6 4.O-O Nge7 5.Re1 a6 6.Bf1 d5 7.d3 h6 8.Nbd2 Qc7
9.exd5 Nxd5 10.Ne4 Be7 11.d4 cxd4 12.Nxd4 Nxd4 13.Qxd4 O-O 14.c4 Nb4 15.Qc3 f5
16.Ng3 Nc6 17.Bd2 Bf6 18.Qc1 Bd4 19.c5 Qe7 20.Be3 Bxe3 21.fxe3 e5 22.Qc3 Be6
23.b4 Qf6 24.a4 g6 25.b5 Ne7 26.Bc4 Kh7 27.bxa6 bxa6 28.Rad1 Rfd8 29.Rxd8 Rxd8
30.Bxa6 Nd5 31.Qc1 f4 32.Ne4 Qf5 33.Nd6 Qg5 34.Ne4 Qf5 35.exf4 Nxf4 36.Ng3 Qf6
37.c6 Ra8 38.Bb7 Rxa4 39.Qe3 Bd5 40.Qxe5 Qxe5 41.Rxe5 Ra1+ 42.Nf1 Bxg2 43.Re7+ Kg8
44.Kf2 Rxf1+ 45.Kg3 Rf3+ 46.Kg4 Nd5 47.c7 Nf6+  0-1

[Event "20th Open"]
[Site "Panevezys LTU"]
[Date "2007.08.23"]
[Round "8"]
[White "Narva,T"]
[Black "Ziogaite,J"]
[Result "1-0"]
[WhiteElo "1858"]
[BlackElo "2037"]

1.e4 c5 2.Nf3 Nc6 3.Bb5 Na5 4.O-O a6 5.Be2 b5 6.c3 Bb7 7.Qc2 g6 8.d4 cxd4
9.cxd4 Rc8 10.Qd3 Nf6 11.e5 Nd5 12.Bd2 Nc4 13.Qb3 Nxd2 14.Nbxd2 Nf4 15.Qd1 Bh6
16.Nb3 O-O 17.Nc5 Bd5 18.Nd3 Nxe2+ 19.Qxe2 Rc4 20.Nde1 Qa5 21.b3 Rc3 22.Nd3 Qc7
23.Nfe1 d6 24.exd6 Qxd6 25.Nc5 e5 26.Nf3 Bxf3 27.gxf3 f5 28.b4 exd4 29.Rad1 Bf4
30.h3 Be5 31.Rfe1 Re8 32.f4 Rxh3 33.fxe5 Qd5 34.f3 Rg3+ 35.Kh2 Rxf3 36.Nd7 Kf7
37.Nf6 Qc6 38.Nxe8 Rf4 39.Nd6+ Ke6 40.Rc1 Qd5 41.Rc5 Qa8 42.Rc8 d3 43.Rxa8 dxe2
44.Rxe2 g5 45.Rxa6 Rh4+ 46.Kg2 f4 47.Nxb5+ Kf5 48.Nd4+ Kg4 49.e6  1-0

[Event "1st Serbian League Men"]
[Site "Zlatibor SRB"]
[Date "2007.08.23"]
[Round "3"]
[White "Iordachescu,V"]
[Black "Djukic,Z SRB"]
[Result "1-0"]
[WhiteElo "2584"]
[BlackElo "2402"]

1.e4 c5 2.Nf3 Nc6 3.Bb5 e6 4.O-O Nge7 5.Re1 a6 6.Bf1 d5 7.exd5 Nxd5 8.d4 cxd4
9.Nxd4 Be7 10.Nxc6 bxc6 11.Nd2 O-O 12.Nc4 Qc7 13.Qf3 a5 14.a3 f6 15.Bd3 g6
16.h4 e5 17.h5 g5 18.Bd2 a4 19.Ne3 Nxe3 20.Rxe3 Bc5 21.Bc4+ Kg7 22.Bb4 Qb6
23.Qe4 Ra7 24.Rf3 Bxb4 25.Bd3 Kh6 26.axb4 Be6 27.Rxa4 Bd5 28.Qf5 Bxf3 29.gxf3 Rff7
30.Qe6 Rae7 31.Qc4 Rc7 32.Ra6 Qd4 33.Rxc6 Qxc4 34.Rxc4 Rxc4 35.Bxc4 Rc7 36.Bd3 Kxh5
37.b5 Kh6 38.c4 f5 39.b6 Rd7 40.Bxf5 Rd2 41.b4  1-0

[Event "16th VR Bank Open"]
[Site "Apolda GER"]
[Date "2007.08.24"]
[Round "2"]
[White "Reyer,U"]
[Black "Schwetje,S"]
[Result "1-0"]
[WhiteElo "2200"]
[BlackElo "1986"]

1.e4 c5 2.Nf3 Nc6 3.Bb5 d6 4.O-O Bd7 5.c3 Nf6 6.Re1 e6 7.d4 cxd4 8.cxd4 a6
9.Bf1 e5 10.Nc3 Be7 11.d5 Na7 12.a4 b5 13.axb5 Nxb5 14.Qb3 Nxc3 15.Qxc3 a5
16.Bd2 a4 17.Qa3 O-O 18.Bd3 Re8 19.Bc2 Qb6 20.Qb4 Qxb4 21.Bxb4 Reb8 22.Ba3 Kf8
23.Bd3 Ne8 24.Nd2 Bd8 25.Nc4 Be7 26.Rac1 Rb3 27.Red1 g6 28.Be2 f6 29.Rd3 Rxd3
30.Bxd3 Rb8 31.Na5 Ra8 32.Nc6 Bd8 33.Bb5 Bxc6 34.Bxc6 Ra7 35.Rc4 Ke7 36.Rxa4 Rxa4
37.Bxa4 Nc7 38.Kf1 Na6 39.Ke2 Ba5 40.Bb5 Nc7 41.Bc4 Bb6 42.b3 Bd4 43.f3 Na8
44.Kd3 Kd7 45.Bb4 Kc7 46.Be1 g5 47.h4 h6 48.h5 Nb6 49.g3 Kd7 50.Bb5+ Kc7
51.f4 Bg1 52.Bd2 Bf2 53.fxg5 fxg5 54.Bxg5 Nd7 55.Bxd7 Kxd7 56.g4  1-0

[Event "16th VR Bank Open"]
[Site "Apolda GER"]
[Date "2007.08.24"]
[Round "3"]
[White "Heinemann,E"]
[Black "Schmuck,H"]
[Result "1/2-1/2"]
[WhiteElo "2211"]
[BlackElo "2080"]

1.e4 c5 2.Nf3 Nc6 3.Bb5 g6 4.O-O Bg7 5.c3 e5 6.Re1 Nge7 7.d4 cxd4 8.cxd4 exd4
9.Nbd2 O-O 10.Nb3 d5 11.Bxc6 Nxc6 12.Nbxd4 Nxd4 13.Nxd4 dxe4 14.Be3 Qh4 15.Qa4 Be5
16.Nf3 Qf6 17.Nxe5 Qxe5 18.Bd4  1/2-1/2

[Event "27th Open"]
[Site "Bratto ITA"]
[Date "2007.08.24"]
[Round "2"]
[White "Tiviakov,S"]
[Black "Piscopo,P"]
[Result "1-0"]
[WhiteElo "2648"]
[BlackElo "2392"]

1.e4 c5 2.Nf3 Nc6 3.Bb5 e6 4.Bxc6 bxc6 5.d3 Ne7 6.Ng5 f6 7.Nh3 g6 8.b3 d6
9.f3 e5 10.Nf2 Bg7 11.Bb2 O-O 12.Nc3 Be6 13.Qd2 Nc8 14.Ne2 Nb6 15.g4 f5 16.gxf5 gxf5
17.Rg1 Kh8 18.f4 Qh4 19.Qe3 Bh6 20.Qg3 Qxg3 21.hxg3 Bg7 22.exf5 Bxf5 23.g4 Bd7
24.f5 c4 25.dxc4 d5 26.c5 Nc8 27.O-O-O Ne7 28.Ng3  1-0

[Event "zt 3.2"]
[Site "Dhaka BAN"]
[Date "2007.08.24"]
[Round "3"]
[White "Rohit,G"]
[Black "Reefat,S"]
[Result "1-0"]
[WhiteElo "2470"]
[BlackElo "2472"]

1.e4 c5 2.Nf3 Nc6 3.Bb5 e6 4.Bxc6 bxc6 5.d3 Ne7 6.Qe2 f6 7.Nh4 g6 8.f4 Bg7
9.O-O d6 10.Be3 O-O 11.Nd2 Rb8 12.b3 f5 13.Rad1 Ba6 14.c4 Qa5 15.Ndf3 Rbe8
16.e5 d5 17.Qf2 d4 18.Bd2 Qc7 19.Qe1 Bc8 20.Ba5 Qd7 21.Qf2 Qb7 22.Qd2  1-0

[Event "Dato Arthur Tan Malaysian Op"]
[Site "Kuala Lumpur MAS"]
[Date "2007.08.24"]
[Round "8"]
[White "Legaspi,R"]
[Black "Kojima,S"]
[Result "1/2-1/2"]
[WhiteElo "2316"]
[BlackElo "2156"]

1.e4 c5 2.Nf3 Nc6 3.Bb5 Nf6 4.e5 Nd5 5.Nc3 Nc7 6.Bxc6 dxc6 7.h3 Bf5 8.d3 h6
9.Be3 e6 10.Qd2 Be7 11.O-O-O Nd5 12.Na4 c4 13.dxc4 Nxe3 14.Qxe3 Qa5 15.Qb3 O-O
16.Rd7 b5 17.Rxe7 bxa4 18.Qc3 Qc5 19.Rd7 Qxf2 20.Rd2 Qc5 21.Rhd1 Rab8 22.g4 Be4
23.Qd4 Qb6 24.Qxb6 axb6 25.Nd4 Rfc8 26.Re1 Bg6 27.b3 b5 28.c5 b4 29.bxa4 Ra8
30.Nb3 Rxa4 31.Kb2 Rca8 32.Ra1 Be4  1/2-1/2

[Event "Dato Arthur Tan Malaysian Op"]
[Site "Kuala Lumpur MAS"]
[Date "2007.08.24"]
[Round "8"]
[White "Wallis,C"]
[Black "Ramnath,B"]
[Result "1-0"]
[WhiteElo "2238"]
[BlackElo "2080"]

1.e4 c5 2.Nf3 Nc6 3.Bb5 g6 4.O-O Bg7 5.c3 Nf6 6.Qa4 Qc7 7.d4 cxd4 8.cxd4 Nxe4
9.Re1 d5 10.Bf4 Qb6 11.Nc3 Nxc3 12.bxc3 e6 13.c4 a6 14.Rab1 Ra7 15.Bxc6+ Qxc6
16.Qa3 f6 17.cxd5 Qxd5 18.Rbc1 Bd7 19.Nd2 Bf8 20.Qb2 Bc6 21.Ne4 Be7 22.Bd6 Qb5
23.Qxb5 axb5 24.d5 Bd7 25.Bxe7 Kxe7 26.d6+ Kd8 27.Rc7 Ra6 28.Rxb7 Bc8 29.Rb8 Rc6
30.Rd1 Kd7 31.Nxf6+  1-0

[Event "15th Open"]
[Site "Nikea GRE"]
[Date "2007.08.24"]
[Round "2"]
[White "Simeonidis,I"]
[Black "Mbirlis,H"]
[Result "1-0"]
[WhiteElo "2309"]
[BlackElo "2018"]

1.e4 c5 2.Nf3 Nc6 3.Bb5 Qc7 4.O-O e6 5.Re1 a6 6.Bxc6 dxc6 7.e5 c4 8.Nc3 Ne7
9.Qe2 b5 10.b3 cxb3 11.axb3 Bb7 12.Ne4 Nd5 13.c4 Nb4 14.d4 bxc4 15.bxc4 c5
16.d5 Qb6 17.Bg5 Be7 18.Rab1 Bxg5 19.Nd6+ Ke7 20.Nxg5 Raf8 21.Qe3 Bc8 22.Ngxf7 Rxf7
23.Qg5+ Kf8 24.Nxc8 Qc7 25.dxe6 Qxc8 26.exf7 Nc6 27.e6 Ne7 28.Qe5  1-0

[Event "Open A"]
[Site "Polanica Zdroj POL"]
[Date "2007.08.24"]
[Round "8"]
[White "Krupa,K"]
[Black "Wcislo,D"]
[Result "1-0"]
[WhiteElo "2116"]
[BlackElo "2099"]

1.e4 c5 2.Nf3 Nc6 3.Bb5 e6 4.O-O Nge7 5.c3 a6 6.Bxc6 bxc6 7.e5 Ng6 8.Na3 f6
9.Nc4 fxe5 10.Nfxe5 Nxe5 11.Nxe5 Qf6 12.d4 cxd4 13.cxd4 Bd6 14.Nc4 Bc7 15.Qh5+ Qf7
16.Qc5 Rb8 17.a4 Qf8 18.Qh5+ g6 19.Qh4 d6 20.Ra3 Bd8 21.Qg3 Kd7 22.Rf3 Qe7
23.Bg5 Qxg5 24.Qxd6+ Ke8 25.Qxb8 Qd5 26.Nd6+ Kd7 27.Qxc8+  1-0

[Event "LNA Copa Puma"]
[Site "Argentina ARG"]
[Date "2007.08.25"]
[Round "3"]
[White "Zuriel,M"]
[Black "Franco,G"]
[Result "0-1"]
[WhiteElo "2184"]
[BlackElo "2004"]

1.e4 c5 2.Nf3 Nc6 3.Bb5 g6 4.Bxc6 bxc6 5.O-O Bg7 6.Re1 Nf6 7.e5 Nd5 8.c4 Nc7
9.d4 cxd4 10.Qxd4 O-O 11.Qh4 f6 12.exf6 exf6 13.c5 Ne6 14.Qc4 a5 15.Nbd2 Ba6
16.Qc2 f5 17.Nc4 Bxc4 18.Qxc4 Kh8 19.h4 Qb8 20.Ng5 Nxg5 21.Bxg5 Qb4 22.Qxb4 axb4
23.Re2 Rfe8 24.Rxe8+ Rxe8 25.Rd1 Bxb2 26.Rxd7 Ra8 27.Rd2 Be5 28.Kf1 Kg7 29.Ke2 h6
30.Bd8 Bc3 31.Rd7+ Kf8 32.Bb6 Rxa2+ 33.Ke3 b3 34.Bc7 b2 35.Bd6+ Ke8 36.Rb7 Ra1
37.Kd3 Bf6 38.Rb8+ Kd7 39.Rb7+ Ke6  0-1

[Event "27th Open"]
[Site "Bratto ITA"]
[Date "2007.08.25"]
[Round "3"]
[White "David,Alb"]
[Black "Bonafede,A"]
[Result "1-0"]
[WhiteElo "2529"]
[BlackElo "2234"]

1.e4 c5 2.Nf3 Nc6 3.Bb5 g6 4.Bxc6 dxc6 5.d3 Bg7 6.h3 e5 7.Nc3 Qe7 8.Be3 Nf6
9.Qd2 Nd7 10.Bh6 f6 11.Bxg7 Qxg7 12.Nh2 Nf8 13.f4 Ne6 14.fxe5 fxe5 15.O-O Bd7
16.Ng4 Nf4 17.Ne2 Bxg4 18.hxg4 Nxe2+ 19.Qxe2 O-O-O 20.Qf2 Qe7 21.Qf6 Kd7
22.b3 Rhf8 23.Qxe7+ Kxe7 24.Rf3 Rf7 25.Kf2 Rd7 26.Ke3 Ke6 27.Raf1 b6 28.g5 Rde7
29.R1f2 Rg7 30.Rf6+ Kd7 31.c3 Re6 32.Rxe6 Kxe6 33.Rf6+ Kd7 34.d4 cxd4+ 35.cxd4 exd4+
36.Kxd4 Re7 37.e5 Kc7 38.b4 Rd7+ 39.Ke4 Re7 40.a4 a5 41.b5 cxb5 42.axb5 Rd7
43.Rc6+ Kb7 44.e6 Rd1 45.Rc3 Re1+ 46.Kd5 a4 47.Kd6 Rd1+ 48.Ke5 Re1+ 49.Kf6 Rf1+
50.Kg7 Re1 51.Kf7 Rf1+ 52.Ke8 Rf5 53.e7 Rxb5 54.Kd7 Re5 55.e8=Q Rxe8 56.Kxe8 b5
57.Kd7 Kb6 58.Kd6 b4 59.Rc8 b3 60.Rb8+  1-0

[Event "Dato Arthur Tan Malaysian Op"]
[Site "Kuala Lumpur MAS"]
[Date "2007.08.25"]
[Round "9"]
[White "Girinath,P"]
[Black "Dao Thien Hai"]
[Result "1/2-1/2"]
[WhiteElo "2440"]
[BlackElo "2537"]

1.e4 c5 2.Nf3 Nc6 3.Bb5 d6 4.O-O Bd7 5.Re1 a6 6.Bxc6 Bxc6 7.d4 cxd4 8.Nxd4 e5
9.Nxc6 bxc6 10.b3 Nf6 11.Bg5 h6 12.Bxf6 Qxf6 13.Qd3 Be7 14.Nd2 O-O 15.Nc4 Rfd8
16.Rad1 d5 17.exd5 Rxd5 18.Qe2 Bb4 19.Rf1 Rad8 20.Ne3 Rxd1 21.Rxd1 Rxd1+
22.Nxd1 a5 23.g3 Qe6 24.Nb2 e4 25.Nc4 f5 26.Kg2 Kh7 27.h4 Qd5 28.Ne3 Qf7
29.Nc4 Qd5 30.Ne3 Qe5 31.Qh5 g6 32.Qd1 h5 33.Qd7+ Kh6 34.Nc4 Qd5 35.Nb6 Qxd7
36.Nxd7 Kg7 37.Ne5 c5 38.Nc4 Kf6 39.Kf1 g5 40.hxg5+ Kxg5 41.Nd6 Kf6 42.Nc4 f4
43.Nd6 Ke5 44.Nc4+ Ke6 45.Ke2 Kf5 46.Nd6+ Ke5 47.Nc4+ Kf5 48.Nd6+  1/2-1/2

[Event "Dato Arthur Tan Malaysian Op"]
[Site "Kuala Lumpur MAS"]
[Date "2007.08.25"]
[Round "9"]
[White "Chandler,M"]
[Black "Simanjuntak,S"]
[Result "1-0"]
[WhiteElo "2540"]
[BlackElo "2271"]

1.e4 c5 2.Nf3 Nc6 3.Bb5 e6 4.Bxc6 dxc6 5.O-O Qc7 6.e5 Ne7 7.Re1 Nf5 8.b3 Be7
9.Bb2 b6 10.d3 Bb7 11.a4 h5 12.Nbd2 a5 13.Nc4 O-O-O 14.Nfd2 Ba6 15.Ne4 Kb7
16.Ncd6+ Nxd6 17.exd6 Bxd6 18.Nxd6+ Qxd6 19.Bxg7 Rh7 20.Bf6 Rg8 21.Qf3 Qd5
22.Re4 Rh6 23.Rae1 Ka7 24.g3 Bb7 25.c4 Qd6 26.R1e3 Rgg6 27.Rf4 Rh7 28.Rh4 Qf8
29.Re5 Rhh6 30.Bg5 Rh8 31.Bf4 Qc8 32.Rhxh5 Rd8 33.Rh7 f6 34.Reh5 e5 35.Be3 Rxd3
36.Rf7 Rd7 37.Rhh7 Rxf7 38.Rxf7 Qe6 39.Rh7 f5 40.Bd2 Ka6 41.Qd3 e4 42.Qd8 Qg8
43.Qe7 Qc8 44.Bf4 Rg8 45.h4 Re8 46.Qc7 Qxc7 47.Rxc7 Rh8 48.Kf1 b5 49.cxb5+ Kb6
50.bxc6 Bxc6 51.Rf7 Rh5 52.Bc7+ Ka6 53.Rf6 Kb7 54.Bxa5 c4 55.bxc4 f4 56.Bb4 f3
57.a5 Ba4 58.Ke1 Bb3 59.a6+ Ka7 60.Bc3  1-0

[Event "Dato Arthur Tan Malaysian Op"]
[Site "Kuala Lumpur MAS"]
[Date "2007.08.25"]
[Round "10"]
[White "Lomibao,S"]
[Black "Illingworth,M"]
[Result "1/2-1/2"]
[WhiteElo "2174"]
[BlackElo "2137"]

1.e4 c5 2.Nf3 Nc6 3.Bb5 g6 4.Bxc6 bxc6 5.O-O Bg7 6.Re1 Nh6 7.h3 f6 8.c3 Nf7
9.d4 cxd4 10.cxd4 O-O 11.Nc3 d6 12.d5 c5 13.Bf4 Qc7 14.Qd2 Bd7 15.Rac1 Rab8
16.b3 Rfe8 17.Kh1 e5 18.dxe6 Bxe6 19.Nd5 Qb7 20.Ne3 Bxh3 21.Nc4 Rxe4 22.Rxe4 Qxe4
23.Nxd6 Nxd6 24.Qxd6 Rc8 25.Rc4 Qb7 26.Rxc5 Rxc5 27.Qxc5 Be6 28.Qd6 Bd5 29.Ne1 Kf7
30.Qb8  1/2-1/2

[Event "15th Open"]
[Site "Nikea GRE"]
[Date "2007.08.25"]
[Round "3"]
[White "Gharamian,T"]
[Black "Soultatis,K"]
[Result "1-0"]
[WhiteElo "2517"]
[BlackElo "2140"]

1.e4 c5 2.Nf3 Nc6 3.Bb5 e6 4.Bxc6 bxc6 5.d3 Ne7 6.Qe2 Ng6 7.h4 h5 8.e5 Be7
9.Nc3 Rb8 10.a3 Qc7 11.Qe4 d6 12.exd6 Bxd6 13.O-O O-O 14.b3 e5 15.Ng5 Bg4
16.Be3 Qd7 17.Qc4 Kh8 18.f3 Bf5 19.Nce4 f6 20.Nxd6 Qxd6 21.Nf7+ Rxf7 22.Qxf7 a6
23.Qc4 Rb5 24.a4 Rb4 25.Qxc5 Qb8 26.d4 Nxh4 27.dxe5 fxe5 28.Bg5 Ng6 29.Rad1 Qb7
30.f4 Bg4 31.f5 Nf4 32.Qf8+ Kh7 33.Rd8  1-0

[Event "XIX Open"]
[Site "Porto San Giorgio ITA"]
[Date "2007.08.25"]
[Round "5"]
[White "Borgiani,F"]
[Black "Popchev,M"]
[Result "0-1"]
[WhiteElo "2164"]
[BlackElo "2456"]

1.e4 c5 2.Nf3 Nc6 3.Bb5 Qc7 4.O-O e6 5.Re1 Nge7 6.c3 a6 7.Bxc6 dxc6 8.d3 e5
9.Be3 Ng6 10.Nbd2 Be7 11.h3 O-O 12.d4 cxd4 13.cxd4 exd4 14.Nxd4 Bf6 15.Qc2 Rd8
16.N2f3 c5 17.Rac1 b6 18.b4 Bb7 19.bxc5 Qxc5 20.Qb1 Qd6 21.Nf5 Qe6 22.Bxb6 Re8
23.Ng3 Rac8 24.Bc7 Ba8 25.a4 Qd7 26.Ba5 Qxa4 27.Qb4 Qa2 28.Rc7 Nf4 29.Re3 Rb8
30.Qd2 Rb1+ 31.Re1 Rxe1+ 32.Nxe1 Qa4 33.Qd7 Qxd7 34.Rxd7 Bc6 35.Rc7 Bb5 36.Bd2 Ne6
37.Rc2 Nd4 38.Ra2 g6 39.f3 h5 40.Be3 Rc8 41.f4 Rc3 42.Bxd4 Bxd4+ 43.Kh2 Be3
44.Ne2 Bxe2 45.Rxe2 Bxf4+ 46.Kg1 Bg3 47.Nc2 Rb3  0-1

[Event "1st Serbian League Women"]
[Site "Zlatibor SRB"]
[Date "2007.08.25"]
[Round "5"]
[White "Mladenovic,J"]
[Black "Vuckovic,L"]
[Result "1-0"]
[WhiteElo "2114"]
[BlackElo "1746"]

1.e4 c5 2.Nf3 Nc6 3.Bb5 g6 4.O-O Bg7 5.c3 Nf6 6.e5 Nd5 7.d4 cxd4 8.cxd4 O-O
9.Nc3 Nxc3 10.bxc3 d6 11.exd6 Qxd6 12.Qa4 Be6 13.Ba3 Qc7 14.Bxc6 bxc6 15.Rfe1 Rfe8
16.Ne5 Bd7 17.Bc5 f6 18.Qc4+ e6 19.Nf3 Kh8 20.Re2 Bc8 21.Qa4 Bd7 22.Rae1 Qb7
23.Nd2 Bf8 24.Ne4 Kg7 25.Bxf8+ Rxf8 26.Nc5 Qc8 27.Nxe6+ Bxe6 28.Rxe6 c5 29.Re7+ Kh6
30.d5 g5 31.Qe4 Rh8 32.h4 Qg8 33.hxg5+ Qxg5 34.Re3 f5 35.Rh3+ Kg6 36.Qe6+  1-0